00636nam a2200205Ia 4500008004100000041001200041082002300053100002700076245004400103365000700147520001400154546001200168630004400180650001400224655001400238730004400252942000900296999001900305952010600324101110s9999 xx 000 0 und d aENGLISH bSR22648a891.46009 aGumaste P.D., Pai N.R. aConcepts in Drugs and Dyes ( T.Y.B.Sc.) b90 aChemistry aENGLISH aConcepts in Drugs and Dyes ( T.Y.B.Sc.) aChemistry aChemistry aConcepts in Drugs and Dyes ( T.Y.B.Sc.) cBOOK c815393d815390 00104070aDBJbDBJc16Bd2010-11-11g90.00j3l0pDBJSR22648r2010-11-11 00:00:00w2010-11-11yBOOK